[Event "Challenge"]
[Site "http://www.queenalice.com/game.php?id=1265020"]
[Date "2014.3.14"]
[Round "-"]
[White "Racey"]
[Black "CalJedBuddy"]
[Result "1-0"]
[WhiteElo "1391"]
[BlackElo "1433"]

1. e4 Nc6 2. h4 Nf6 3. Bd3 e5 4. h5 d5 5. exd5 Nxd5 6. Be4 Qd6 7. c4 Nf4 8. Na3
h6 9. Nb5 Nd3+ 10. Bxd3 Qxd3 11. Nxc7+ 1-0

[Event "Challenge"]
[Site "http://www.queenalice.com/game.php?id=1265621"]
[Date "2014.3.17"]
[Round "-"]
[White "frama42"]
[Black "CalJedBuddy"]
[Result "1-0"]
[WhiteElo "1695"]
[BlackElo "1283"]

1. e4 e5 2. Nf3 Nc6 3. Bc4 Qe7 4. O-O Nf6 5. Nc3 d6 6. d3 d5 7. exd5 e4 8. dxe4
Bg4 9. dxc6 Rd8 10. Qe1 bxc6 11. Be3 Nxe4 12. Bd3 Nxc3 13. Qxc3 Bxf3 14. gxf3 c5
15. Rfe1 Qh4 16. Bg5+ Be7 17. Bxh4 1-0

[Event "Challenge"]
[Site "http://www.queenalice.com/game.php?id=1265807"]
[Date "2014.3.17"]
[Round "-"]
[White "CalJedBuddy"]
[Black "zondervan"]
[Result "0-1"]
[WhiteElo "1376"]
[BlackElo "1218"]

1. e4 c5 2. Nc3 Nc6 3. Bc4 g6 4. Qf3 Ne5 5. Bxf7+ Nxf7 6. d3 e6 7. Bf4 Be7 8.
Qe3 b6 9. Nf3 a6 10. Bg5 Nxg5 11. Nxg5 Nh6 12. Nf3 Bb7 13. h4 d5 14. O-O-O Qc7
15. h5 Ng4 16. Nxd5 exd5 17. hxg6 Nxe3 18. fxe3 O-O-O 19. gxh7 c4 20. dxc4 dxc4
21. Rh5 c3 22. bxc3 Ba3+ 23. Kb1 Rxd1# 0-1

[Event "Challenge"]
[Site "http://www.queenalice.com/game.php?id=1265992"]
[Date "2014.3.18"]
[Round "-"]
[White "IgorAbreu"]
[Black "CalJedBuddy"]
[Result "0-1"]
[WhiteElo "1078"]
[BlackElo "1355"]

1. e4 e5 2. d3 Nf6 3. Bg5 Bb4+ 4. c3 h6 5. Bxf6 Qxf6 6. cxb4 d6 7. g3 Qg6 8. Nh3
Bg4 9. f3 Be6 10. Nf2 Nc6 11. Qc2 O-O 12. Na3 Nxb4 13. Qxc7 Bc8 14. Bh3 Nxd3+
15. Nxd3 Qg5 16. Nc2 Bxh3 17. Qxd6 Rac8 0-1

[Event "sanford"]
[Site "http://www.queenalice.com/game.php?id=1266764"]
[Date "2014.3.21"]
[Round "-"]
[White "zondervan"]
[Black "CalJedBuddy"]
[Result "0-1"]
[WhiteElo "1314"]
[BlackElo "1283"]

1. e4 e5 2. f4 Nc6 3. Nf3 d5 4. exd5 Nd4 5. Bc4 Bf5 6. Nxe5 Qe7 7. O-O Nxc2 8.
d3 Nxa1 9. Qa4+ c6 10. dxc6 O-O-O 11. Qxa7 Qc7 12. Qa8+ Qb8 13. Qxb8+ Kxb8 14.
Be3 h6 15. Bb6 Nc2 16. Bxd8 Ne3 17. Nd7+ Kc8 18. Bb6 Nxf1 19. Kxf1 bxc6 20. Nxf8
Ne7 21. Ba6+ Kb8 22. Nc3 Rxf8 23. Na4 g5 24. Nc5 Nd5 25. Ba5 Bc8 26. fxg5 hxg5
27. g3 Ka7 0-1

[Event "Challenge"]
[Site "http://www.queenalice.com/game.php?id=1267840"]
[Date "2014.3.24"]
[Round "-"]
[White "CalJedBuddy"]
[Black "zondervan"]
[Result "0-1"]
[WhiteElo "1397"]
[BlackElo "1323"]

1. e4 c5 2. Bc4 Nc6 3. Nf3 e6 4. d3 d5 5. Bb5 Nf6 6. Bg5 Bd6 7. e5 Be7 8. exf6
Bxf6 9. Qd2 O-O 10. Bxf6 Qxf6 11. c3 Ne5 12. d4 Nxf3+ 13. gxf3 Qxf3 14. O-O e5
15. Be2 Qf6 16. f4 Bh3 17. fxe5 Qg6+ 18. Kf2 Qg2+ 19. Ke1 Rae8 20. Bf3 Qxf1# 0-1

[Event "Challenge"]
[Site "http://www.queenalice.com/game.php?id=1268463"]
[Date "2014.3.27"]
[Round "-"]
[White "vangogh"]
[Black "CalJedBuddy"]
[Result "0-1"]
[WhiteElo "1425"]
[BlackElo "1261"]

1. e4 e5 2. d4 d5 3. dxe5 dxe4 4. Qxd8+ Kxd8 5. Nc3 Bb4 6. a3 Bxc3+ 7. bxc3 Ne7
8. Bc4 Be6 9. Bxe6 fxe6 10. Bg5 Nc6 11. Rd1+ Ke8 12. f4 Rd8 13. Rb1 h6 14. Bxe7
Kxe7 15. Rxb7 Rc8 16. Nh3 g5 17. O-O e3 18. fxg5 Na5 19. Rxa7 Rhf8 20. Re1 Nc6
21. Ra6 Nxe5 22. Rxe3 Rcd8 23. Nf2 hxg5 24. Rxe5 Rb8 25. g3 Rb2 26. Raxe6+ Kd7
27. Re7+ Kc8 28. Rc5 Rxc2 29. Ne4 Rd8 30. Rcxc7+ Kb8 31. Nxg5 Rd1+ 32. Re1 Rxe1#
0-1

[Event "Challenge"]
[Site "http://www.queenalice.com/game.php?id=1268492"]
[Date "2014.3.27"]
[Round "-"]
[White "IgorAbreu"]
[Black "CalJedBuddy"]
[Result "1-0"]
[WhiteElo "1063"]
[BlackElo "1352"]

1. e4 e5 2. f3 Bb4 3. c3 Bc5 4. b4 Bxg1 5. Rxg1 Qh4+ 6. Ke2 Qxh2 7. Kf2 Nf6 8.
Bc4 Qh4+ 9. g3 Qh2+ 10. Rg2 Qh5 11. d4 d5 12. Bxd5 Nxd5 13. exd5 O-O 14. Nd2 Nd7
15. Nc4 e4 16. d6 c5 17. Nd2 e3+ 18. Kxe3 Nb6 19. dxc5 Re8+ 20. Kf2 Nd5 21. Ne4
Bd7 22. g4 Qh4+ 23. Rg3 Qh2+ 24. Rg2 Qe5 25. Bb2 Nf4 26. Rg3 b6 27. Qd2 a5 28.
cxb6 axb4 29. cxb4 f5 30. Bxe5 Rxe5 31. Qxf4 Rb5 32. Nc5 fxg4 33. Nxd7 h6 34.
Qc4+ Kh7 35. Qxb5 Rf8 36. Nxf8+ Kg8 37. Qd5+ Kxf8 38. d7 gxf3 39. d8=Q# 1-0

[Event "BUYU"]
[Site "http://www.queenalice.com/game.php?id=1268890"]
[Date "2014.3.29"]
[Round "-"]
[White "Ajunior"]
[Black "CalJedBuddy"]
[Result "1-0"]
[WhiteElo "1352"]
[BlackElo "1306"]

1. d4 d5 2. Nf3 Nc6 3. e3 Bg4 4. c4 e6 5. Nc3 Nb4 6. a3 Nc6 7. cxd5 exd5 8. Be2
Nf6 9. O-O Ne4 10. Qc2 Qf6 11. Nxe4 dxe4 12. Qxe4+ Be7 13. Qxg4 O-O 14. b3 Na5
15. Rb1 Qc6 16. Ne5 Qc2 17. Bd3 Qc3 18. Qe4 Nc6 19. Qxh7# 1-0

[Event "Challenge"]
[Site "http://www.queenalice.com/game.php?id=1268899"]
[Date "2014.3.29"]
[Round "-"]
[White "dejami"]
[Black "CalJedBuddy"]
[Result "1-0"]
[WhiteElo "1737"]
[BlackElo "1275"]

1. e4 e5 2. Bc4 Nf6 3. d3 d5 4. exd5 Bg4 5. f3 Bh5 6. g4 Bg6 7. Qe2 Bd6 8. h4
Qd7 9. h5 b5 10. Bb3 Bb4+ 11. c3 Bxd3 12. Qxd3 Nxd5 13. Bxd5 Bd6 14. Bxa8 e4 15.
Bxe4 Bg3+ 16. Ke2 Qe7 17. Qxb5+ Nd7 18. Be3 O-O 19. Nd2 Rb8 20. Qa4 Re8 21. Nf1
Be5 22. Rd1 Bd6 23. b4 Nf6 24. Bc6 Rf8 25. Kf2 a6 26. Qxa6 Nd7 27. Nh3 Nb8 28.
Qb5 Nxc6 29. Qxc6 1-0

[Event "Challenge"]
[Site "http://www.queenalice.com/game.php?id=1269461"]
[Date "2014.4.1"]
[Round "-"]
[White "zondervan"]
[Black "CalJedBuddy"]
[Result "0-1"]
[WhiteElo "1334"]
[BlackElo "1270"]

1. e4 e5 2. Nc3 Nc6 3. Bc4 Nf6 4. d3 Nd4 5. Nf3 Bb4 6. O-O h5 7. Bg5 d6 8. Nd5
Qd7 9. Nxf6+ gxf6 10. Bxf6 Rg8 11. Ng5 h4 12. Nxf7 h3 13. Qh5 Qg4 14. Nxd6+ Kd7
15. Qxg4+ Rxg4 16. Bxe5 Nf3+ 17. Kh1 hxg2# 0-1

[Event "Challenge"]
[Site "http://www.queenalice.com/game.php?id=1271749"]
[Date "2014.4.10"]
[Round "-"]
[White "CalJedBuddy"]
[Black "IgorAbreu"]
[Result "0-1"]
[WhiteElo "1293"]
[BlackElo "1173"]

1. e4 e5 2. d3 d6 3. Nc3 Nf6 4. Bg5 h6 5. Be3 Bg4 6. Be2 Be6 7. Nf3 c5 8. O-O
Nc6 9. Nb5 Qb6 10. c4 Nd4 11. a4 a6 12. a5 Qc6 13. Nbxd4 exd4 14. Bd2 Nxe4 15.
dxe4 Qxe4 16. b3 d3 17. Bxd3 Qxd3 18. Bc1 Qe4 19. Bb2 d5 20. Re1 Qf5 21. cxd5
O-O-O 22. Qe2 Bxd5 23. b4 cxb4 24. Rac1+ Bc6 25. Ne5 Re8 26. Qd2 Rd8 27. Qxb4
Bxb4 28. Nxc6 bxc6 29. Bc3 Bxc3 30. Rxc3 Qxa5 31. Rce3 c5 32. g3 c4 33. Re5 Qb4
34. Rf1 c3 35. Rfe1 c2 0-1

[Event "FLAGSTAFF"]
[Site "http://www.queenalice.com/game.php?id=1272001"]
[Date "2014.4.10"]
[Round "-"]
[White "perucona"]
[Black "CalJedBuddy"]
[Result "1-0"]
[WhiteElo "1386"]
[BlackElo "1213"]

1. e4 e5 2. Nf3 Nc6 3. Nc3 Bb4 4. Bb5 Nf6 5. Bxc6 dxc6 6. O-O Bg4 7. h3 Bxf3 8.
Qxf3 Qd7 9. g4 O-O 10. Re1 b5 11. d3 Bc5 12. Rf1 b4 13. Ne2 Rad8 14. Bg5 a5 15.
Bxf6 1-0

[Event "Challenge"]
[Site "http://www.queenalice.com/game.php?id=1272894"]
[Date "2014.4.13"]
[Round "-"]
[White "vangogh"]
[Black "CalJedBuddy"]
[Result "1-0"]
[WhiteElo "1472"]
[BlackElo "1334"]

1. e4 e5 2. d4 f6 3. d5 d6 4. c4 f5 5. Nc3 Nf6 6. Bg5 Be7 7. exf5 Bxf5 8. Nf3
Qd7 9. Qb3 e4 10. Nd4 Nxd5 11. Bxe7 Nxe7 12. Qxb7 e3 13. fxe3 Qc8 14. Qxa8 Nbc6
15. Qxc8+ Bxc8 16. O-O-O Nb4 17. a3 Nbc6 18. Ndb5 O-O 19. Nxc7 Nf5 20. e4 Ne3
21. Rxd6 Nxf1 22. Rxc6 Bg4 23. N3d5 Bd7 24. Ra6 Rf4 25. Nxf4 1-0

[Event "Challenge"]
[Site "http://www.queenalice.com/game.php?id=1274965"]
[Date "2014.4.22"]
[Round "-"]
[White "mixatlas"]
[Black "CalJedBuddy"]
[Result "1-0"]
[WhiteElo "1288"]
[BlackElo "1273"]

1. e4 e5 2. Nf3 Nc6 3. c3 d5 4. exd5 Qxd5 5. Be2 Nf6 6. c4 Qe6 7. Ng5 Qf5 8. d3
e4 9. Nxe4 Nxe4 10. Bf3 Nc5 11. Bxc6+ bxc6 12. Qe2+ Be6 13. g4 Qxd3 14. Nc3 Rd8
15. Bf4 Be7 16. Bxc7 1-0

[Event "Challenge"]
[Site "http://www.queenalice.com/game.php?id=1275989"]
[Date "2014.4.25"]
[Round "-"]
[White "CalJedBuddy"]
[Black "bluemoon"]
[Result "0-1"]
[WhiteElo "1321"]
[BlackElo "1100"]

1. e4 e6 2. d4 d5 3. Nc3 a6 4. Qe2 Nc6 5. exd5 Nxd4 6. Qd1 Bc5 7. dxe6 Bxe6 8.
Nf3 Qf6 9. Bg5 Nxf3+ 10. Qxf3 Qxg5 11. Qxb7 Rd8 12. Qxa6 Qd2# 0-1

[Event "Challenge"]
[Site "http://www.queenalice.com/game.php?id=1277119"]
[Date "2014.4.28"]
[Round "-"]
[White "JORAM2205"]
[Black "CalJedBuddy"]
[Result "1-0"]
[WhiteElo "1323"]
[BlackElo "1290"]

1. e4 e5 2. Nf3 Nc6 3. d3 d6 4. Nc3 Bg4 5. Be2 Qd7 6. Nd5 Nd4 7. c3 Nxe2 8. Qxe2
c6 9. Nb4 Ne7 10. Be3 c5 11. Nc2 b6 12. h3 Bxf3 13. Qxf3 b5 14. O-O-O Rb8 15.
Bg5 b4 16. cxb4 cxb4 17. Kb1 Qc7 18. d4 b3 19. axb3 Qa5 20. dxe5 Qxe5 21. Bf4
1-0

[Event "FUI FIEL II"]
[Site "http://www.queenalice.com/game.php?id=1277165"]
[Date "2014.4.29"]
[Round "-"]
[White "perucona"]
[Black "CalJedBuddy"]
[Result "1-0"]
[WhiteElo "1376"]
[BlackElo "1246"]

1. e4 e5 2. d4 Bd6 3. dxe5 Bxe5 4. Nf3 d6 5. Nxe5 dxe5 6. Nc3 Bd7 7. Be3 Nf6 8.
Bb5 Nc6 9. Bxc6 Bxc6 10. O-O O-O 11. Qxd8 Raxd8 12. Rfd1 Nxe4 13. Nxe4 Bxe4 14.
f3 1-0